Datum a čas kvízu

33.5 Celkem bodů Celkový počet nahraných bodů na tomto kvízu bez doplňovacích otázek.
7. Pořadí na kvízu Konečné umístění týmu na tomto kvízu.

Zaznamenané odpovědi

# Otázka Odpověď Body Výsledky
-14. Policie v Jilemnici se minulý... chlebíčky nazdobil ve tvaru písmene Z 1
-13. Bývalý profesionální mistr svě... Mike Tyson 1
-12. Místopředsedou Sekce obranného... Jan Hamáček 0
-11. Online tržiště Aukro připravil... Aukro reality 1
-10. Do Prahy se v říjnu vrátí slav... San Jose, Nashville 1
6. Pojmenujte dvouslovně tělní te... mozkomíšní mok 1
7. Jak se česky nazývá druhá vrst... škára 1
8. Jak se nazývá kost na obrázku? klíční kost (clavicula) 0
9. Představme si člověka, který m... 112 kg 0
10. Napište výraz, pocházející ze... mestic 0